00519nam a22001817a 450000500170000001000140001702000260003103500130005703700130007008200080008310000200009124500700011126000400018127000570022130000220027865000340030070000030033420100810160458.0 aENG-99476 c100.00a9789380460000 aEN-83008 bDBAD/PUB a004 aSamath, J.Abdul aFundamentals of computer with C programming /cby J. Abdul Samath aCoimbatorebA.E. Publicationsc2009 bCoimbatoree641041ano.10, Sundaram St-1, P.N. Pudur1 a133p.c20cm (pbk) aComputer programming language